Acids, Bases, and Electrolytes Quiz Stats

 Plays Quiz not verified by Sporcle

Challenge
Share
Tweet
Embed
Score 0/21 Timer 10:00
0 Plays Today
Name Examples % Correct
Strong AcidHCl
97.6%
Strong AcidHBr
83.3%
Strong AcidHI
83.3%
Strong AcidHNO3
81%
Strong BaseNaOH
73.8%
Strong AcidHClO4
69%
Strong AcidH2SO4
64.3%
Strong BaseKOH
64.3%
Strong BaseLiOH
59.5%
Strong BaseCa(OH)2
47.6%
Strong BaseRbOH
45.2%
Name Examples % Correct
Strong AcidHClO3
42.9%
Strong BaseCsOH
42.9%
Strong BaseBa(OH)2
42.9%
Strong BaseSr(OH)2
40.5%
Weak BasesAmmonia
23.8%
Weak AcidAll other Acids
19%
Strong AcidHIO4
14.3%
Weak ElectrolytesWeak Acids, Weak Bases
11.9%
Strong ElectrolytesSoluble Salts, Strong Acids, Strong Bases
9.5%
NonelectrolytesMolecular Substances
9.5%

You're not logged in!

Compare scores with friends on all Sporcle quizzes.
OR
Log In

You Might Also Like...

Show Comments

Extras

Top Quizzes Today


Score Distribution

Your Account Isn't Verified!

In order to create a playlist on Sporcle, you need to verify the email address you used during registration. Go to your Sporcle Settings to finish the process.

Report this User

Report this user for behavior that violates our Community Guidelines.

Details: